| 000 | 00690nam a2200217Ii 4500 | ||
|---|---|---|---|
| 003 | JO-AjNU | ||
| 008 | 230605s9999||||xx |||||||||||||| ||und|| | ||
| 017 | _a2005/10138 | ||
| 020 | _a977-287-530-6 | ||
| 040 |
_aJO-AjNU _bara _erda _cJO-AjNU |
||
| 041 | _aara | ||
| 050 | 1 | 4 | _aQ335 2005 |
| 100 | 3 |
_aبسيوني، عبدالحميد, _eauthor _944335 |
|
| 245 | 0 | 0 | _aالذكاء الاصطناعي والوكيل الذكي |
| 264 | 3 | 1 | _aالقاهرة:دار الكتب العلمية، 2005 |
| 300 | _a304ص | ||
| 336 |
_atext _btxt _2rdacontent |
||
| 337 |
_aunmediated _bn _2rdamedia |
||
| 338 |
_avolume _bnc _2rdacarrier |
||
| 650 | 4 |
_aالذكاء الاصطناعي _944336 |
|
| 999 |
_aA19134 _c22702 _d22702 |
||